Thông gió và kỹ thuật xử lý khí thải

保存先:
書誌詳細
第一著者: Nguyễn Duy Động
フォーマット: 図書
言語:Vietnamese
出版事項: Giáo Dục 1999
主題:
タグ: タグ追加
タグなし, このレコードへの初めてのタグを付けませんか!
Thư viện lưu trữ: Mạng thư viện Đại học Đà Nẵng
LEADER 01031nam a2200325 a 4500
001 000002044
003 03176
005 20171229145311.0
008 171229s1999 vie
040 |a LSK 
041 0 |a VIE 
082 0 |a 697.92  |b NG-Đ 
100 1 |a Nguyễn Duy Động 
245 0 0 |a Thông gió và kỹ thuật xử lý khí thải 
260 |b Giáo Dục  |c 1999 
300 |a 228 pages  |c 27 cm. 
653 |a Thông gió 
653 |a Khí thải - Kỹ thuật xử lý 
852 |a Phòng Đọc - Phòng Mượn 
901 |a 20 
927 |a Sách chuyên khảo 
OWN |a LSK 
AVA |a UDN50  |b LSK  |d 697.92 NG-Đ  |e check_holdings  |t Error 5003 Not defined in file expand_doc_bib_avail.  |h N  |k 1 
999 |a From the UDN01 
AVA |a UDN50  |b LSK  |d 697.92 NG-Đ  |e available  |t Error 5001 Not defined in file expand_doc_bib_avail.  |f 20  |g 0  |h N  |i 0  |k 1 
TYP |a Monograph 
TYP |a Printed language 
980 |a Mạng thư viện Đại học Đà Nẵng